| 000 | 00661nam a22002770a 4500 | ||
|---|---|---|---|
| 001 | PT31680 | ||
| 003 | AR-LpoUNG | ||
| 005 | 20260128114044.0 | ||
| 008 | 191001s2000||||ag |||||||||||||||||spa d | ||
| 020 |
_a9879243501 _c$30 |
||
| 040 |
_aAR-LpoUNG _bspa _cAR-LpoUNG _eaacr |
||
| 041 | _aspa | ||
| 044 | _aag | ||
| 082 | 0 | _aA863 985exa | |
| 100 | 1 | _aMuslip, Eduardo | |
| 245 | 1 | 0 | _aExamen de residencia |
| 250 | _a1ra. ed. | ||
| 260 |
_aBuenos Aires : _bSimurg, _c2000. |
||
| 300 |
_a157 p. : _btbls. |
||
| 650 | 4 | _aARGENTINA | |
| 650 | 4 | _aCUENTOS | |
| 650 | 4 | _aLITERATURA | |
| 650 | 4 | _aLITERATURA ARGENTINA | |
| 905 | _a31680 | ||
| 942 |
_cLSALA _2ddc |
||
| 999 |
_c179 _d179 |
||